Welcome to CU Library Online Public Access Catalogue (OPAC)

FINANCE (Record no. 3298)

MARC details
000 -LEADER
fixed length control field 00448nam a22001577a 4500
005 - DATE AND TIME OF LATEST TRANSACTION
control field 20250131135910.0
008 - FIXED-LENGTH DATA ELEMENTS--GENERAL INFORMATION
fixed length control field 250131b |||||||| |||| 00| 0 eng d
020 ## - INTERNATIONAL STANDARD BOOK NUMBER
International Standard Book Number 9788120309180
050 ## - LIBRARY OF CONGRESS CALL NUMBER
Classification number HG 4027
Item number .3 PAN
100 ## - MAIN ENTRY--PERSONAL NAME
Personal name PANDEY, I.M
245 ## - TITLE STATEMENT
Title FINANCE
Remainder of title A Management guide for managing company funds and profits
Statement of responsibility, etc. I. M. PANDEY
260 ## - PUBLICATION, DISTRIBUTION, ETC.
Place of publication, distribution, etc. NEW DELHI
Name of publisher, distributor, etc. PHI LEARNING
Date of publication, distribution, etc. c2009
300 ## - PHYSICAL DESCRIPTION
Extent ix, 236 p.;
650 ## - SUBJECT ADDED ENTRY--TOPICAL TERM
Source of heading or term FINANCE
942 ## - ADDED ENTRY ELEMENTS (KOHA)
Source of classification or shelving scheme Library of Congress Classification
Koha item type Books
Suppress in OPAC No
999 ## -
-- 3298
-- 3298

No items available.

© 2023-2024 Copyright: Central University Libraries. All Rights Reserved | Created by: Mahone Tech Office